000
00335nam a2200169Ia 4500
100
_a
Wilson/Ray
650
_a
Analog
942
_c
BK
366
_f
20
654
_a
anolog
245
_a
Make:Analog synthesizers
260
_b
Oreilly
_c
2013
082
_a
621.3815
_b
WIL
300
_a
167
546
_a
ENGLISH
_c
TTL
999
_c
20774
_d
20774